Rozvoj teórie účtovníctva a jeho vplyv na obsah a metodiku vzdelávania účtovníctva pred vstupom do EÚ záverečná hodnotiaca správa o riešení výskumného projektu interného grantového systému EU za roky 2002 až 2004, IG č. 14/02

Na minha lista:
Detalhes bibliográficos
Autor principal: Máziková, Katarína
Autor Corporativo: Fakulta hospodárskej informatiky EU. Katedra účtovníctva
Formato: Livro
Idioma:eslovaco
Publicado em: Bratislava 2004
Assuntos:
Tags: Adicionar Tag
Sem tags, seja o primeiro a adicionar uma tag!

MARC

LEADER 00000nam$a2200000$$$4500
001 0067011
005 20240503084918.3
041 0 |a slo 
044 |a SK 
245 1 0 |a Rozvoj teórie účtovníctva a jeho vplyv na obsah a metodiku vzdelávania účtovníctva pred vstupom do EÚ  |b záverečná hodnotiaca správa o riešení výskumného projektu interného grantového systému EU za roky 2002 až 2004, IG č. 14/02  |c vedúca projektu: Katarína Máziková 
264 1 |a Bratislava  |c 2004 
300 |a 16 s. 
610 2 0 |a účtovníctvo 
610 2 0 |a teória účtovníctva 
610 2 0 |a vzdelávanie 
100 1 |a Máziková, Katarína 
710 2 |a Fakulta hospodárskej informatiky EU. Katedra účtovníctva